ISLAM the wave of the future (Record no. 65001)

MARC details
000 -LEADER
fixed length control field 00231nam a22001097a 4500
082 ## - DEWEY DECIMAL CLASSIFICATION NUMBER
Classification number 297
100 ## - MAIN ENTRY--AUTHOR NAME
Personal name KAUKAB SIDDIQUE
245 ## - TITLE STATEMENT
Title ISLAM the wave of the future
260 ## - PUBLICATION, DISTRIBUTION, ETC. (IMPRINT)
Place of publication PAKISTAN
Name of publisher kARACHI
Year of publication 1993
300 ## - PHYSICAL DESCRIPTION
Number of Pages 74p
942 ## - ADDED ENTRY ELEMENTS (KOHA)
Koha item type Books
Holdings
Withdrawn status Lost status Collection code Home library Current library Date acquired Full call number Accession Number Koha item type
    Reference Reference Section Reference Section 03/07/2019 297 (Shelf - 18B) R15345 Books